000 00905nam a2200241Ia 4500
001 8614
003 GE_BSU
008 181216s||||||||xx |||||||||||||| ||und||
040 _cGE_BSU
080 _a821.353.1-7+27
100 _aთოდრია, სილვა
245 _aძველი და ახალი აღთქმანი
245 _bანტირელიგიური სატირა
245 _cრედ. და წინასიტყვ. ავტ.: შ. რადიანი
260 _aტფილისი.
260 _bსახელგამი
260 _c1935
300 _a215 გვ; 18 სმ.
300 _bდამატ. თავფ. რუს.ენაზე
653 _aანტირელიგიური სატირა
653 _aძველი აღთქმა; ახალი აღთქმა;
942 _cBK
999 _c41930
_d41930